The psychology of counseling : professional techniques for pastors, teachers, youth leaders, and all who are engaged in the incomparable art of counseling by Clyde M. Narramore
Record details
- Physical Description: 303 p.
- Edition: 1st ed.
- Publisher: Grand Rapids, Michigan Zondervan Publishing House 1966
Available copies
- 2 of 2 copies available at Common Catalog SPOK.
Holds
- 0 current holds with 2 total copies.
Other Formats and Editions
Show Only Available Copies
| Location | Call Number / Copy Notes | Barcode | Shelving Location | Status | Due Date |
|---|---|---|---|---|---|
| ETS Library | 253.5 | 424470007358 | Volný výběr | Available | - |
| ETS Library | 253.5 | 424470018995 | Volný výběr | Available | - |
| LDR | 00946nam a2 00241 | ||
|---|---|---|---|
| 001 | 43071 | ||
| 003 | CZ-PrJAB | ||
| 005 | 20030623000000.0 | ||
| 008 | 030623s1966 xxu e |||| |eng | ||
| 009 | us | ||
| 035 | . | ‡a(CONS)7604 | |
| 035 | . | ‡aKPS2650 | |
| 041 | . | ‡aeng | |
| 082 | 1 | 4. | ‡a253.5 |
| 100 | . | ‡7967 ‡aNarramore, Clyde M. | |
| 245 | . | ‡aThe psychology of counseling : ‡bprofessional techniques for pastors, teachers, youth leaders, and all who are engaged in the incomparable art of counseling ‡cby Clyde M. Narramore | |
| 250 | . | ‡a1st ed. | |
| 260 | . | ‡aGrand Rapids, Michigan ‡bZondervan Publishing House ‡c1966 | |
| 300 | . | ‡a303 p. | |
| 653 | . | ‡aprofessional Techniques for Pastors, Teachers, Youth Leaders, and All Who Are Engaged in the Incomparable Art of Counseling ‡aThe psychology of counseling | |
| 852 | 4 | . | ‡bETS ‡bETS ‡cVolný výběr ‡j253.5 ‡gA ‡p424470007358 |
| 852 | 4 | . | ‡bETS ‡bETS ‡cVolný výběr ‡j253.5 ‡gA ‡p424470003821 |
| 910 | . | ‡aABG450 | |
| 999 | . | ‡a7604 ‡bAUTOGEN ‡c7604 ‡tbiblio | |
| 905 | . | ‡uadmin | |
| 901 | . | ‡a43071 ‡b ‡c43071 ‡tbiblio ‡sets | |